Statistics for 50 Famous People from Asia

Click here to take the quiz!

General Stats

  • This quiz has been taken 563 times
    (177 since last reset)
  • The average score is 25 of 50

Answer Stats

HintAnswer% Correct
Title of Tenzin Gyatso who is the highest spiritual leader of TibetThe Dalai Lama
92%
Indian politician and the leader of the nationalist movement against the British ruleMahatma Gandhi
89%
South Korean who served as the 8th Secretary-General of the UN from 2007 to 2016Ban Ki-moon
87%
Vietnamese revolutionary after whom was the most populous city in Vietnam namedHo Chi Minh
87%
North Korean politician serving as Supreme Leader of North Korea since 2011Kim Jong-un
87%
Chinese-American martial artist, actor and the founder of Jeet Kune DoBruce Lee
86%
Japanese artist who was married to English singer-songwriter John LennonYoko Ono
86%
Founder and first Great Khan (Emperor) of the Mongol EmpireGenghis Khan
85%
Founder of the People's Republic of ChinaMao Zedong
85%
Saudi Arabian citizen until 1994 and founder of al-QaedaOsama bin Laden
83%
Hong Kong martial artist and actor who played in Shanghai Noon and Armour of GodJackie Chan
82%
Israeli actress who portrayed superheroine Wonder WomanGal Gadot
80%
President of Iraq from 16 July 1979 until 9 April 2003Saddam Hussein
79%
President of the People's Republic of China since 2013.Xi Jinping
76%
South Korean singer and rapper known for his hit single Gangnam StylePsy
75%
Chinese philosopher whose teaching greatly affected people around the worldConfucius
73%
Palestinian political leader who died in 2004Yasser Arafat
71%
President of Syria since 17 July 2000Bashar al-Assad
59%
Israeli politician who has served from 1996 to 1999 and since 2009Benjamin Netanyahu
59%
Filipino professional boxer nicknamed 'PacMan'Manny Pacquiao
59%
Israeli-American actress who starred in Leon: Professional and Star WarsNatalie Portman
59%
Japanese film director whose famous movies are Ikiru and Seven Samurai and YojimboAkira Kurosawa
58%
Religious teacher who lived in South Asia and who founded BuddhismSiddhartha Gautama
56%
Female Pakistani politician who was assassinated in 2007Benazir Bhutto
55%
Japanese female tennis player and first Asian player to hold the top ranking in singlesNaomi Osaka
54%
Chinese basketballer who played 8 seasons for Houston Rockets in the NBAYao Ming
54%
First Prime Minister of IndiaJawaharlal Nehru
50%
Indian filmmaker known for movies The Sixth Sense, Unbreakable and The VillageM. Night Shyamalan
44%
South Korean footballer who plays for Tottenham HotspurSon Heung-min
43%
First President of Indonesia, serving from 1945 to 1967Sukarno
43%
Chinese-born Singaporean film actor and martial artist who played in Kiss of the DragonJet Li
41%
Malaysian actress who played in Crouching Tiger, Hidden DragonMichelle Yeoh
35%
Saudi Arabian journalist who was assassinated in Istanbul in 2018Jamal Khashoggi
33%
South Korean film director who won Academy Award for his movie ParasiteBong Joon-ho
31%
Japanese Marshall Admiral who led the attack on Pearl Harbor and the Battle of MidwayIsoroku Yamamoto
31%
Afghan-American novelist and author of The Kite RunnerKhaled Hosseini
31%
Japanese-American actor known for his roles as Mr. Miyagi in The Karate Kid film seriesPat Morita
26%
Iranian politician who served as the sixth President of Iran from 2005 to 2013Mahmoud Ahmadinejad
25%
Chairman of the Palestine Liberation Organization (PLO) and Palestinian presidentMahmoud Abbas
22%
Japanese male tennis player who was ranked inside the top 5 in singlesKei Nishikori
21%
Indian actress and the winner of the Miss World 1994 pageantAishwarya Rai
19%
Chinese-born Hong Kong film director whose most famous movie is Red CliffJohn Woo
18%
Indian chess grandmaster and former world chess championViswanathan Anand
18%
Pakistani politician who held the presidency from 2001 until 2008Pervez Musharraf
17%
Bengali poet, writer and the first non-European to win the Nobel Prize in LiteratureRabindranath Tagore
17%
Formula One driver from Thailand who drove for Torro Rosso, Red Bull and WilliamsAlexander Albon
15%
Sri Lankan stateswoman who was the world's first female prime ministerSirimavo Bandaranaike
10%
Israeli Yemenite Jewish singer, known in the Western world as 'The Israeli Madonna'Ofra Haza
9%
Israeli model and actress who co-hosted the Eurovision Song Contest 2019 in Tel AvivBar Refaeli
6%
Qatari athlete who is with a 2.43m the second highest jumper of all timeMutaz Essa Barshim
5%

Score Distribution

Percentile by Number Answered

Percent of People with Each Score

Your Score History

You have not taken this quiz since the last reset